000 00466nam a2200193Ia 4500
005 20240823023203.0
008 240823s9999||||xx |||||||||||||| ||und||
020 _a978-1-902505-87-9
041 _aENGLISH
082 _A341.21 P9
100 _a"Umeh,Jude"
245 4 _aThe World Beyond Digital Rights Management
250 _a1st
260 _c2009
_b"Viva,New "
_aNew Delhi
500 _aYES
650 _aRights
_bGeneral
942 _cBK
999 _c180946
_d180946